1969 1536 1633 1344 1369 1592 1207 1991 1052 1344 1756 1003 1699 1070 1695 1214 1114 1270 1057 1177 1779 1821 1192 1448 1020 1873 1230 1857 1795 1168 1145 1153 1133 1007 1039 1618 1955 1805 1250 1392 1044 1046 1141 1203 1831 1426 1753 1236 1003 1078 1429 1860 1135 1530 1917 1656 1187 1235 1605 1265 1809 1412 1270 1448 1892 1315 1223 1704 1840 1744 1156 1717 1101 1672 1389 1141 1628 1760 1201 1172 1735 1413 1663 1316 1351 1259 1459 1851 1929 1266 1459 1516 1962 1986 1483 1255 1645 1175 1786 BCNSPRNW ULIB Ver.6.0+V

เปลี่ยนเป็นภาษาไทย

Change to English
 แสดงรายละเอียดบรรณานุกรม
  กลับหน้าหลัก

Brief Record : Get Marc (ISO 2709) : E-mail record : QR code < ปิดหน้าต่าง
LEADER : 00000nam 2200000uu 4500
001    13399121987
003     ULIB
008    121218s2551||||th 000 0 tha d
020    ^a9789741654512
060 04 ^aWL346^bส984อ 2551
100 0  ^aโสภา พิชัยยงค์วงศ์ดี
245 10 ^aออกกำลังกายพิชิตอัมพาตครึ่งซีก /^cโสภา พิชัยยงค์วงศ์ดี
250    ^aพิมพ์ครั้งที่ 1
260    ^aกรุงเทพฯ :^bหมอชาวบ้าน,^c2551
300    ^a101 หน้า :^bภาพประกอบ
650  7 ^aอัมพาตครึ่งซีก^xรักษา
650  7 ^aออกกำลังกาย^xอัมพาต
945    ^p115^l0^i15449
995    ^aทศพร
999    ^aทศพร เกษรทอง
รายการนี้ยังไม่มีแท็ก
คุณยังไม่ได้ล็อกอิน คุณสามารถมีกิจกรรมร่วมกับเว็บไซต์ได้ แต่ต้องล็อกอินก่อน ::
  ล็อกอิน

รายการสื่อสารสนเทศ

ลำดับที่ ประเภท เลขเรียก/บาร์โค้ด สถานที่ สถานะ
1. วิทยาศาสตร์การแพทย์ และสุขภาพ
วิทยาศาสตร์การแพทย์ และสุขภาพ
WL346 ส984อ 2551 ฉ.1 
  Barcode: 15449
ห้องสมุดวิทยาเขตสวรรค์ประชารักษ์
►หนังสือทั่วไป
บนชั้น

รายการใกล้เคียง
    ผู้แต่ง [โสภา พิชัยยงค์วงศ์ดี]

BibComment


ยังไม่เคยถูกคอมเมนท์

คอมเมนท์ทรัพยากรรายการนี้
  คอมเมนท์: ออกกำลังกายพิชิต..


 Copyright 2026. Bcnsprnw @Library